Southville International School and Colleges
Your cart is empty.
  • Cart
  • Lists
    Public lists Eva Luna New books Lux_list list_1
    Your lists Log in to create your own lists
  • Log in to your account
  • Your cookies
  • Search history
Southville International School and Colleges
  • Advanced search
  • Recent comments
  • Most popular
  • Libraries

Log in to your account

Log in with GOOGLE


If you do not have an external account, but do have a local account, you can still log in:

  1. Home
  2. MARC view: The microsoft data warehouse toolkit :
Normal view MARC view ISBD view

The microsoft data warehouse toolkit : (Record no. 23240)

[ view plain ]
MARC details
000 -LEADER
fixed length control field 00702nam a2200229 a 4500
005 - DATE AND TIME OF LATEST TRANSACTION
control field 20140310183446.0
008 - FIXED-LENGTH DATA ELEMENTS--GENERAL INFORMATION
fixed length control field 080930s19uu xx 00 eng d
020 ## - INTERNATIONAL STANDARD BOOK NUMBER
International Standard Book Number 9780471267157
050 ## - LIBRARY OF CONGRESS CALL NUMBER
Classification number QA 76.9.D37
Item number .M95 2006
100 ## - MAIN ENTRY--PERSONAL NAME
Personal name Mundy, Joy
245 ## - TITLE STATEMENT
Title The microsoft data warehouse toolkit :
Remainder of title with SQL serrver 2005 and the microsoft business intelligence toolset /
Statement of responsibility, etc Joy Mundy.
260 ## - PUBLICATION, DISTRIBUTION, ETC. (IMPRINT)
Place of publication, distribution, etc Indianapolis :
Name of publisher, distributor, etc Wiley Publishing Inc,
Date of publication, distribution, etc 2006.
300 ## - PHYSICAL DESCRIPTION
Extent 746 p. :
Dimensions 25 cm.
521 ## - TARGET AUDIENCE NOTE
Target audience note
650 ## - SUBJECT ADDED ENTRY--TOPICAL TERM
Topical term or geographic name as entry element Computer Studies.
650 ## - SUBJECT ADDED ENTRY--TOPICAL TERM
Topical term or geographic name as entry element Data Warehousing.
650 ## - SUBJECT ADDED ENTRY--TOPICAL TERM
Topical term or geographic name as entry element SQL server.
700 ## - ADDED ENTRY--PERSONAL NAME
Personal name Thornthwaite, Warren
700 ## - ADDED ENTRY--PERSONAL NAME
Personal name Kimball, Ralph
942 ## - ADDED ENTRY ELEMENTS (KOHA)
Koha item type Books
Source of classification or shelving scheme Library of Congress Classification
Call number prefix Foreign
Holdings
Withdrawn status Lost status Source of classification or shelving scheme Damaged status Home library Current library Shelving location Date acquired Source of acquisition Total Checkouts Full call number Barcode Date last seen Copy number Price effective from Koha item type
    Library of Congress Classification   College Library College Library Graduate Section 09/30/2008 Donation   QA 76.9.D37 .M95 2006 C9829 05/15/2018 1 10/18/2013 Books

The microsoft data warehouse toolkit :

APA

Mundy J., Thornthwaite W. & Kimball R. (2006). The microsoft data warehouse toolkit. Indianapolis: Wiley Publishing Inc.

Chicago

Mundy Joy, Thornthwaite Warren and Kimball Ralph. 2006. The microsoft data warehouse toolkit. Indianapolis: Wiley Publishing Inc.

Harvard

Mundy J., Thornthwaite W. and Kimball R. (2006). The microsoft data warehouse toolkit. Indianapolis: Wiley Publishing Inc.

MLA

Mundy Joy, Thornthwaite Warren and Kimball Ralph. The microsoft data warehouse toolkit. Indianapolis: Wiley Publishing Inc. 2006.

  • Place hold
  • Print
  • Cite
  • Add to your cart (remove)
  • Save record
    BIBTEX Dublin Core MARCXML MARC (non-Unicode/MARC-8) MARC (Unicode/UTF-8) MARC (Unicode/UTF-8, Standard) MODS (XML) RIS
  • More searches
    Search for this title in:
    Other Libraries (WorldCat) Other Databases (Google Scholar) Online Stores (Bookfinder.com) Open Library (openlibrary.org)

Exporting to Dublin Core...

SOUTHVILLE LIBRARY

Southville International School and Colleges Library

1281 Tropical Ave. Cor. Luxembourg St., BF Homes International, Las Pinas City

Tel. No. 8256374 / 252358 Loc. 117/146

Powered by Koha